000 01057cam a2200289 4500
001 WB3610-20
008 000000n2000 000 0 eng u
035 _a(Sirsi) u104619
245 _aSouth-east housing plans
260 _c2000
490 _aFinancial Times
_v 6 March 2000, 6
490 _aTimes
_v 6 March 2000, 6
490 _aTimes
_v 8 March 2000, 4
490 _aHerald
_v 8 March 2000, 10(5)
520 _aJohn Prescott has announced plans to build over 800,000 houses in the next 20 years instead of the proposed 1.1m. Plans also propose a greater number of terraced houses, to increase housing density, and a figure of 60% of new houses built on brownfield sites. The announcement has sparked calls in Scotland for a debate on new housing.
590 _aWB
650 _aSOUTH-EAST
650 _aTERRACED HOUSES
650 _aDEVELOPMENT
650 _aBUILT ENVIRONMENT
650 _aNEW HOUSES
650 _aFORECASTS
650 _aSCOTLAND
650 _aHOUSING DENSITY
690 _aHOUSING-DEVELOPMENT
942 _n0
999 _c62772
_d62772